[Event "VII Famalicao Open 2019"]
[Site "Famalicao"]
[Date "2019.08.03"]
[Round "9.13"]
[White "Fernandes, Joao Pedro"]
[Black "Silva, Mariana Sofia T."]
[Result "1-0"]
[WhiteElo "2080"]
[BlackElo "1872"]
[Annotator "NA"]
[PlyCount "57"]
[EventDate "2019.07.28"]
[EventType "swiss"]
[EventCountry "POR"]
[SourceTitle "playchess.com"]
[Source "ChessBase"]
[SourceQuality "1"]
[TimeControl "5400+30"]

1. e4 {[%emt 0:00:00]} c5 {[%emt 0:10:24]} 2. Nf3 {[%emt 0:00:00]} g6 {[%emt 0:00:00]} 3. d4 cxd4 {[%emt 0:00:26]} 4. Nxd4 {[%emt 0:00:04]} Nc6 {[%emt 0:00:07]} 5. Nc3 {[%emt 0:00:14]} Bg7 {[%emt 0:00:07]} 6. Be3 {[%emt 0:00:12]} Nf6 {[%emt 0:00:08]} 7. Bc4 {[%emt 0:00:07]} O-O {[%emt 0:00:17]} 8. Bb3 {[%emt 0:00:15]} Re8 {[%emt 0:00:07]} 9. O-O {[%emt 0:00:25]} d6 {[%emt 0:00:07]} 10. h3 {[%emt 0:00:44]} Na5 {[%emt 0:00:07]} 11. Qd2 {[%emt 0:00:19]} b6 {[%emt 0:04:28]} 12. Bh6 {[%emt 0:05:33]} Bh8 {[%emt 0:09:03]} 13. f4 {[%emt 0:05:28]} Nxb3 {[%emt 0:01:43]} 14. axb3 {[%emt 0:00:12]} Bb7 {[%emt 0:02:57]} 15. Rae1 {[%emt 0:15:16]} Qc8 {[%emt 0:06:57]} 16. e5 {[%emt 0:09:51]} Nd5 {[%emt 0:05:24]} 17. Nxd5 {[%emt 0:04:40]} Bxd5 {[%emt 0:00:30]} 18. c4 {[%emt 0:04:35]} Bb7 {[%emt 0:01:44]} 19. Qf2 {[%emt 0:06:33]} Qc5 {[%emt 0:04:20]} 20. f5 {[%emt 0:08:22]} Bxe5 {[%emt 0:08:02]} 21. fxg6 {[%emt 0:02:52]} fxg6 {[%emt 0:08:59]} 22. Rxe5 {[%emt 0:02:54]} Qxe5 {[%emt 0:00:16]} 23. Qf7+ {[%emt 0:01:49]} Kh8 {[%emt 0:00:08]} 24. Ne6 {[%emt 0:00:22]} Rg8 {[%emt 0:03:01]} 25. Ng5 {[%emt 0:03:33]} Qd4+ {[%emt 0:07:26]} 26. Kh1 {[%emt 0:01:20]} Bxg2+ {[%emt 0:02:10]} 27. Kxg2 {[%emt 0:00:09]} Qxb2+ {[%emt 0:02:52]} 28. Kh1 {[%emt 0:00:21]} Rg7 {[%emt 0:01:07]} 29. Qf8+ {[%emt 0:00:29]} 1-0

[Event "VII Famalicao Open 2019"]
[Site "Famalicao"]
[Date "2019.08.03"]
[Round "9.14"]
[White "Furtado, Dinis"]
[Black "Fernandes, Ricardo Paulos"]
[Result "0-1"]
[WhiteElo "1775"]
[BlackElo "2007"]
[Annotator "NA"]
[PlyCount "154"]
[EventDate "2019.07.28"]
[EventType "swiss"]
[EventCountry "POR"]
[SourceTitle "playchess.com"]
[Source "ChessBase"]
[SourceQuality "1"]
[TimeControl "5400+30"]

1. Nf3 {[%emt 0:01:41]} Nf6 {[%emt 0:00:00]} 2. g3 {[%emt 0:00:18]} g6 {[%emt 0:00:00]} 3. Bg2 {[%emt 0:01:05]} Bg7 {[%emt 0:00:00]} 4. O-O {[%emt 0:00:16]} O-O {[%emt 0:00:00]} 5. Re1 {[%emt 0:00:07]} d6 {[%emt 0:00:02]} 6. d4 {[%emt 0:00:53]} Nbd7 {[%emt 0:00:26]} 7. e4 {[%emt 0:01:40]} e5 {[%emt 0:01:22]} 8. c3 {[%emt 0:01:33]} Qe8 {[%emt 0:05:26]} 9. h3 {[%emt 0:07:41]} Nh5 {[%emt 0:06:36]} 10. Be3 {[%emt 0:05:29]} h6 {[%emt 0:13:22]} 11. Nh4 {[%emt 0:06:08]} Nb6 {[%emt 0:02:21]} 12. Nd2 {[%emt 0:02:50]} Kh7 {[%emt 0:24:22]} 13. Bf3 {[%emt 0:09:23]} Nf6 {[%emt 0:01:21]} 14. dxe5 {[%emt 0:01:59]} dxe5 {[%emt 0:01:21]} 15. Bg2 {[%emt 0:03:33]} Qe7 {[%emt 0:01:35]} 16. Qe2 {[%emt 0:01:15]} Be6 {[%emt 0:00:59]} 17. b3 {[%emt 0:00:47]} Nfd7 {[%emt 0:01:54]} 18. Rac1 {[%emt 0:10:24]} Rad8 {[%emt 0:01:37]} 19. Kh2 {[%emt 0:02:04]} c6 {[%emt 0:10:48]} 20. Bf1 {[%emt 0:09:05]} c5 {[%emt 0:13:32]} 21. c4 {[%emt 0:01:06]} Nb8 {[%emt 0:00:04]} 22. Nb1 {[%emt 0:02:04]} Nc6 {[%emt 0:00:07]} 23. Nc3 {[%emt 0:00:30]} Nd4 {[%emt 0:00:04]} 24. Bxd4 {[%emt 0:01:20]} cxd4 {[%emt 0:00:15]} 25. Nd5 {[%emt 0:00:22]} Bxd5 {[%emt 0:01:02]} 26. exd5 {[%emt 0:01:07]} f5 {[%emt 0:02:51]} 27. Rcd1 {[%emt 0:03:02]} Qc5 {[%emt 0:00:43]} 28. Qd2 {[%emt 0:02:43]} e4 {[%emt 0:00:44]} 29. f4 {[%emt 0:01:25]} a5 {[%emt 0:01:07]} 30. Qc2 {[%emt 0:03:32]} Nxd5 {[%emt 0:00:26]} 31. Rxe4 {[%emt 0:02:30]} Nb4 {[%emt 0:01:04]} 32. Qg2 {[%emt 0:02:24]} fxe4 33. Qxe4 {[%emt 0:00:07]} Qc6 {[%emt 0:00:18]} 34. Qb1 {[%emt 0:02:00]} Qd6 {[%emt 0:02:21]} 35. a3 {[%emt 0:00:15]} Na6 {[%emt 0:00:27]} 36. Nxg6 {[%emt 0:00:29]} Rf6 {[%emt 0:01:37]} 37. Ne5+ {[%emt 0:02:36]} Kg8 {[%emt 0:00:13]} 38. Bg2 {[%emt 0:01:37]} Nc7 {[%emt 0:01:16]} 39. Bxb7 {[%emt 0:01:45]} Re6 {[%emt 0:01:42]} 40. Qe4 {[%emt 0:01:55]} Bxe5 {[%emt 0:00:47]} 41. fxe5 {[%emt 0:01:10]} Qxe5 {[%emt 0:00:32]} 42. Qg4+ {[%emt 0:02:47]} Qg5 {[%emt 0:00:07]} 43. Rxd4 {[%emt 0:01:00]} Rxd4 {[%emt 0:01:48]} 44. Qxd4 {[%emt 0:00:26]} Re3 {[%emt 0:00:33]} 45. Qd6 {[%emt 0:01:36]} Qe5 {[%emt 0:01:00]} 46. Qg6+ {[%emt 0:00:14]} Qg7 {[%emt 0:00:09]} 47. Qd6 {[%emt 0:00:38]} Ne8 {[%emt 0:00:18]} 48. Qf4 {[%emt 0:01:00]} Re7 {[%emt 0:03:19]} 49. Bg2 {[%emt 0:00:38]} Nf6 {[%emt 0:00:35]} 50. c5 {[%emt 0:00:27]} Nh5 {[%emt 0:00:53]} 51. Qd6 {[%emt 0:02:19]} Qxg3+ {[%emt 0:01:27]} 52. Qxg3+ {[%emt 0:00:09]} Nxg3 {[%emt 0:00:01]} 53. Kxg3 {[%emt 0:00:10]} Re3+ {[%emt 0:00:35]} 54. Kf4 {[%emt 0:00:09]} Re7 {[%emt 0:00:56]} 55. Bd5+ {[%emt 0:00:19]} Kf8 {[%emt 0:00:28]} 56. c6 {[%emt 0:00:43]} Ke8 {[%emt 0:00:08]} 57. b4 {[%emt 0:00:38]} Kd8 {[%emt 0:00:29]} 58. b5 {[%emt 0:00:22]} Kc7 {[%emt 0:00:03]} 59. a4 {[%emt 0:00:10]} Re1 {[%emt 0:00:34]} 60. Be4 {[%emt 0:00:39]} Rc1 {[%emt 0:00:25]} 61. Bd3 {[%emt 0:00:47]} Rc5 {[%emt 0:01:05]} 62. h4 {[%emt 0:00:22]} Rd5 {[%emt 0:00:26]} 63. Ke3 {[%emt 0:01:29]} Rh5 {[%emt 0:00:06]} 64. Kd4 {[%emt 0:00:44]} Rxh4+ {[%emt 0:00:23]} 65. Be4 {[%emt 0:00:29]} Rh5 {[%emt 0:00:14]} 66. Bd5 {[%emt 0:00:39]} Kb6 {[%emt 0:00:02]} 67. Be4 {[%emt 0:00:24]} Rg5 {[%emt 0:00:07]} 68. Bf3 {[%emt 0:00:18]} h5 {[%emt 0:00:35]} 69. Ke4 {[%emt 0:00:09]} Rc5 {[%emt 0:01:19]} 70. Kd4 {[%emt 0:00:12]} h4 {[%emt 0:00:09]} 71. Ke3 {[%emt 0:01:05]} h3 {[%emt 0:01:00]} 72. Kf2 {[%emt 0:00:28]} Rg5 {[%emt 0:00:11]} 73. Kf1 {[%emt 0:00:59]} Rf5 {[%emt 0:00:36]} 74. Ke2 {[%emt 0:01:26]} h2 {[%emt 0:00:09]} 75. Bh1 {[%emt 0:00:30]} Rg5 {[%emt 0:00:07]} 76. Kf2 {[%emt 0:00:53]} Rg1 {[%emt 0:00:07]} 77. Bf3 {[%emt 0:00:25]} h1=Q {[%emt 0:00:05]} 0-1